00628nam a2200157 a 450000100100000000500170001000800410002704000250006808200160009324500830010926001180019230000200031004900090033095201140033999900170045300002848020200930054951.0110408s2006 dr 000 0 spa d aDO-SdBNPbspacBNPHU axxxxbA627l00aAnteproyecto de ley sobre los símbolos patrios de la República Dominicana. aSanto Domingo :bComisión de Apoyo a la Reforma y Modernización de la Justicia :bInstituto Duartiano,c2006. a24 p. ;c22 cm. aBNPD 0010718PDaPDbPDcCTd2011-04-08iLF1l0oxxxx A627lp28480-10r2020-06-25w2020-06-25yLFPDZNo se presta c27972d27972